000
00344nam a2200145Ia 4500
100
_a
Anvoner S
650
_a
Carpentery
942
_c
BK
654
_a
Solution Of Problm In Theory Of Machine
245
_a
Solustion Of Problem In Theory Of Machine
260
_b
Sir Isaac Pitman
082
_a
621.8
_b
Anv
546
_a
ENGLISH
999
_c
23461
_d
23461